000 00715nam a22002177a 4500
003 OSt
005 20251222164207.0
008 251222b |||||||| |||| 00| 0 eng d
040 _cDCL
041 _aEnglish
082 _a959.1013
100 0 _aYi Yi, Dr.
245 1 0 _aMyanmar, 1714-52 /
_cDr. Yi Yi, senior research officer ; tr. by Hla Thein, 1973.
260 _aYangon :
_bDepartment of Historical Research and National Library,
_c2021.
300 _a186 pages :
_c25 cm.
504 _aIncludes bibliographical references and index.
651 _aMyanmar
_vHistory
_yAva kingdom, ca. 1600-1752
651 _aMyanmar
_vHistory
_yKaungboung,
700 _aHla Thein
942 _2ddc
_cSHORT TERM
_n0
999 _c2787
_d2787